Esqisse d'une théorie génerale de l'equilibre économique : (Registro nro. 5685)

Detalles MARC
000 -LEADER
fixed length control field 01071nam a2200241Ia 4500
003 - CONTROL NUMBER IDENTIFIER
control field OSt
005 - DATE AND TIME OF LATEST TRANSACTION
control field 20200624194713.0
008 - FIXED-LENGTH DATA ELEMENTS--GENERAL INFORMATION
fixed length control field 191128s1949 fr gr 000 0 fr d
040 ## - CATALOGING SOURCE
Original cataloging agency CO-JMCR
Transcribing agency CO-JMCR
041 0# - LANGUAGE CODE
Language code of text/sound track or separate title fr
082 04 - DEWEY DECIMAL CLASSIFICATION NUMBER
Classification number 330.156 /
Item number G787e
Edition number 23
100 1# - MAIN ENTRY--PERSONAL NAME
Personal name Gruson, Claude,
Relator term autor
9 (RLIN) 6139
245 10 - TITLE STATEMENT
Title Esqisse d'une théorie génerale de l'equilibre économique :
Remainder of title réflexions sur la théorie générale de Lord Kynes /
Statement of responsibility, etc. par Claude Gruson
260 ## - PUBLICATION, DISTRIBUTION, ETC.
Place of publication, distribution, etc. Paris :
Name of publisher, distributor, etc. Presses Universitaires de France,
Date of publication, distribution, etc. 1949.
300 ## - PHYSICAL DESCRIPTION
Extent 328 páginas ;
Dimensions 20 cm.
490 0# - SERIES STATEMENT
Series statement Theoria études sur la théorie moderne de l'économie publiées
505 0# - FORMATTED CONTENTS NOTE
Formatted contents note L'évolution de la conjoncture dans une économie a monnaie neutre --Les mécanismes de l'évolution économique et la stabilisation par l'action bancaire -- La stabilité économique dans les systémes monétaires réels
546 ## - LANGUAGE NOTE
Language note Texto en francés
650 14 - SUBJECT ADDED ENTRY--TOPICAL TERM
Topical term or geographic name entry element Teoría económica
General subdivision Economía
9 (RLIN) 6140
650 24 - SUBJECT ADDED ENTRY--TOPICAL TERM
Topical term or geographic name entry element Economía
General subdivision Economía
9 (RLIN) 6141
650 24 - SUBJECT ADDED ENTRY--TOPICAL TERM
Topical term or geographic name entry element keynesiana
General subdivision Equilibrio
9 (RLIN) 6142
942 ## - ADDED ENTRY ELEMENTS (KOHA)
Source of classification or shelving scheme Dewey Decimal Classification
Koha item type Books
Existencias
Withdrawn status Lost status Source of classification or shelving scheme Materials specified (bound volume or other part) Damaged status Not for loan Home library Current library Shelving location Date acquired Source of acquisition Cost, normal purchase price Total Checkouts Full call number Barcode Date last seen Copy number Price effective from Koha item type
    Dewey Decimal Classification Donación--15/04/2018--     Biblioteca Pública José María del Castillo y Rada Biblioteca Pública José María del Castillo y Rada General Stacks 11/28/2019 Donación 0.00   330.156 / G787e 430003848 05/16/2024 Ej.1 11/28/2019 Books